Zprostředkování interkulturní dimenze

Vymedzenie pojmu interkultúrna komunikácia. Metódy sprostredkovania interkultúrnej dimenzie. Členenie kontrastných tréningových programov. Analýza interkultúrnej komunikácie a popis rôznych komunikačných jednaní.

Enregistré dans:
Détails bibliographiques
Auteur principal: Bobáková, Hanne-Lore
Format: Chapitre de livre
Langue:tchèque
Sujets:
Tags: Ajouter un tag
Pas de tags, Soyez le premier à ajouter un tag!

MARC

LEADER 00000naa a2200000 4500
001 r044652
005 20230929123714.3
041 0 |a cze 
044 |a CZ 
245 1 0 |a Zprostředkování interkulturní dimenze  |c Hanne Lore Bobáková 
520 |a Vymedzenie pojmu interkultúrna komunikácia. Metódy sprostredkovania interkultúrnej dimenzie. Členenie kontrastných tréningových programov. Analýza interkultúrnej komunikácie a popis rôznych komunikačných jednaní. 
610 2 0 |a zvyklosti obchodné 
610 2 0 |a komunikácia 
610 2 0 |a spoločnosť informačná 
610 2 0 |a kultúra 
610 2 0 |a vedomosti 
610 2 0 |a jazykoveda 
100 1 |a Bobáková, Hanne-Lore